History of Autism - Within 5 Years - Statistics

General Stats
  • This quiz has been taken 5 times
  • The average score is 7 of 10
Answer Stats
Hint Answer % Correct
Psychiatrist Leo Kanner publishes a paper describing what was then known as "early infantile autism" 1943
100%
Hans Asperger describes what is now known as Level 1 Autism, and names it Asperger's after himself 1944
75%
Psychologist Bruno Bettelheim blames autism on so-called "Refrigerator Mothers", who supposedly don't show their children enough affection 1960s
75%
Infantile autism is included in the Diagnostic and Statistical Manual of Mental Disorders (DSM-III) for the first time 1980
75%
"Autism Disorder" replaces infantile autism in the Diagnostic and Statistical Manual of Mental Disorders, accompanied by a checklist of diagnostic criteria 1987
75%
"Rain Man", a movie starring Dustin Hoffman as an autistic savant, brings autism to the public consciousness 1988
75%
Autism Spectrum Disorder (ASD) becomes the all-encompassing diagnosis for all levels of autism 2013
75%
Psychiatrist Eugen Bleuter first uses the word autism, deriving from the Greek autós meaning "self" 1910
50%
Twin studies find that autism has a largely genetic basis 1977
50%
A now-discredited study proposes that autism is caused by the Measles-Mumps-Rubella (MMR) vaccine 1998
50%
No matching quizzes found
Score Distribution
Percent of People with Each Score
Percentile by Number Answered
Your Score History
You have not taken this quiz